000 00590nam a22001937a 4500
999 _c170891
_d170891
005 20191230114035.0
010 _aA-645061
020 _c4.00
_a-
035 _aA-645061
037 _bBPPD
082 _a840
100 _aا يڈ يٹر :کشمير ی لا ل ذ ا کر
245 _aجمنا تٹ
_cا يڈ يٹر :کشمير ی لا ل ذ ا کر
246 _aJamuna Tat (Urdu)
_bby Kashmiri Lal Zakir
260 _a-
_c1993 ء
_bNaqvi
270 _a610,Secter 16,Panchkula
_b-
_k-
_e134109
300 _a96 ص
_c22 cm(hb)
942 _2ddc
_cUR
_h840
_mج م ن